Score 0/40 Timer 05:00
7 Plays Today
% Correct
Chile
96.1%
Germany
94.8%
Italy
94%
Switzerland
93.8%
Uruguay
92.3%
Paraguay
92.2%
Czechia
91%
Pakistan
91%
Iran
90.9%
Bolivia
90.6%
Morocco
89.6%
Hungary
88.8%
Brazil
88.8%
Slovakia
88.8%
Slovenia
88.7%
Tunisia
84.9%
Turkey
84.4%
DRC
82.1%
Libya
81.1%
Niger
81.1%
% Correct
Georgia
80.6%
Greece
80.5%
Turkmenistan
80.3%
Mali
79.7%
Namibia
79.5%
North Macedonia
78.2%
Russia
78%
Montenegro
77.2%
Kosovo
77.2%
Uzbekistan
77%
Zambia
75.6%
Liechtenstein
75.2%
Tajikistan
74.9%
Mauritania
71.8%
China
66.2%
Republic of Congo
59.5%
France
59.4%
Armenia
59.1%
Azerbaijan
56.7%
Spain
56.6%

You're not logged in!

Compare scores with friends on all Sporcle quizzes.
OR
Log In

Sporcle TV

Today on Sporcle TV


Watch our educational content, quiz creation guides, and fun videos on Sporcle TV.

Show Comments

Extras

Top Quizzes Today


Score Distribution

Paid Content

Your Account Isn't Verified!

In order to create a playlist on Sporcle, you need to verify the email address you used during registration. Go to your Sporcle Settings to finish the process.

Report this User

Report this user for behavior that violates our Community Guidelines.

Details: